Statistiques concernant Les Lunes nommées de Jupiter

Cliquez ici pour prendre le quiz!

Statistiques générales

  • Ce quiz a été pris 18 fois
  • Le résultat moyen est 9 sur 56

Statistiques - réponses

FamilleGroupeDiamètre (km)Lune% Correct
Petits satellites de la ceinture intérieureGaliléens3 121,6Europe
100%
Petits satellites de la ceinture intérieureGaliléens3 643,2Io
93%
Petits satellites de la ceinture intérieureGaliléens5268,2Ganymède
80%
Petits satellites de la ceinture intérieureGaliléens4820,6Callisto
73%
Petits satellites de la ceinture intérieureAmalthée167Amalthée
40%
Satellites irréguliers rétrogradesCarme46Carme
40%
Satellites irréguliers progradesHimalia170Himalia
40%
Satellites irréguliers progradesThémisto8Thémisto
40%
Satellites irréguliers rétrogradesAnanke28Ananke
33%
Satellites irréguliers rétrogradesPasiphae60Pasiphae
27%
Petits satellites de la ceinture intérieureAmalthée20Adrastée
20%
Satellites irréguliers rétrogradesPasiphae≈ 4Autonoé
20%
Satellites irréguliers rétrogradesAnanke≈ 3Euanthe
20%
Satellites irréguliers rétrogradesAnanke≈ 2Euporie
20%
Petits satellites de la ceinture intérieureAmalthée98,6Thébé
20%
Satellites irréguliers rétrogradesCarme≈ 2Callichore
13%
Satellites irréguliers rétrogradesCarme≈ 4Chaldéné
13%
Satellites irréguliers rétrogradesPasiphae≈ 2Cyllène
13%
Satellites irréguliers progradesHimalia86Elara
13%
Satellites irréguliers rétrogradesCarme≈ 3Erinome
13%
Satellites irréguliers rétrogradesCarme≈ 4Eukéladé
13%
Satellites irréguliers rétrogradesAnanke≈ 4Hermippe
13%
Petits satellites de la ceinture intérieureAmalthée43Métis
13%
Satellites irréguliers rétrogradesAnanke≈ 2Mnémé
13%
Satellites irréguliers rétrogradesCarme≈ 2Pasithée
13%
Satellites irréguliers rétrogradesAnanke≈ 2Philophrosyne
13%
Satellites irréguliers rétrogradesPasiphae≈ 2Spondé
13%
Satellites irréguliers rétrogradesPasiphae≈ 4Aédé
7%
Satellites irréguliers rétrogradesCarme≈ 3Aitne
7%
Satellites irréguliers progradesHimalia≈ 3Ersa
7%
Satellites irréguliers rétrogradesAnanke≈ 5Jocaste
7%
Satellites irréguliers progradesHimalia20Léda
7%
Satellites irréguliers rétrogradesPasiphae≈ 5Mégaclité
7%
Satellites irréguliers rétrogradesAnanke≈ 2Orthosie
7%
Satellites irréguliers rétrogradesPasiphae38Sinope
7%
Satellites irréguliers rétrogradesAnanke≈ 2Thelxinoe
7%
Satellites irréguliers rétrogradesAnanke≈ 4Thyoné
7%
Satellites irréguliers rétrogradesCarme≈ 3Arché
0%
Satellites irréguliers rétrogradesPasiphae≈ 9Callirrhoé
0%
Satellites irréguliers rétrogradesCarme≈ 5Calycé
0%
Satellites irréguliers progradesAutre≈ 3Carpo
0%
Satellites irréguliers rétrogradesPasiphae≈ 2Coré
0%
Satellites irréguliers progradesHimalia≈ 4Dia
0%
Satellites irréguliers rétrogradesCarme≈ 4Eiréné
0%
Satellites irréguliers progradesAnanke≈ 2Euphémé
0%
Satellites irréguliers rétrogradesPasiphae≈ 3Eurydomé
0%
Satellites irréguliers rétrogradesAnanke≈ 4Harpalyke
0%
Satellites irréguliers rétrogradesPasiphae≈ 3Hégémone
0%
Satellites irréguliers rétrogradesAnanke≈ 4Helike
0%
Satellites irréguliers rétrogradesCarme≈ 2Hersé
0%
Satellites irréguliers rétrogradesCarme≈ 4Isonoé
0%
Satellites irréguliers rétrogradesCarme≈ 2Kale
0%
Satellites irréguliers progradesHimalia32Lysithéa
0%
Satellites irréguliers rétrogradesAnanke≈ 7Praxidike
0%
Satellites irréguliers rétrogradesCarme≈ 5Taygète
0%
Satellites irréguliers progradesAutre?Valutédo
0%

Distribution des résultats

Percentile par nombre de réponses

% des personnes avec chaque résultat

Votre développement - résultats

Vous n’avez pas pris ce quiz